| 000 | 01353nam0a22002891 4500 | ||
|---|---|---|---|
| 001 | rc\233129 | ||
| 005 | 20250621011712.0 | ||
| 035 | _a(NLR Aleph) 005495788 | ||
| 090 |
_a5255141 _c5255141 |
||
| 100 | _a20030307d1990 |||y0rusy50 ca | ||
| 101 | 0 | _arus | |
| 102 | _aRU | ||
| 105 | _ay ||||||||| | ||
| 200 | 1 |
_aМаркетинг внемагазинных форм торговли _fС.В. Малыхин, к. э. н., В.В. Никишкин, к. э. н. |
|
| 210 |
_aМ. _cИнформторг _d1990 |
||
| 215 |
_a22 с. _d20 |
||
| 225 | 1 |
_aГосударственная торговля _iСерия "Зарубежный опыт развития торговли и общественного питания" _eОбзор. информ. _fВНПО "Прогресс". НИИ информ. и передового опыта в торговле и общественном питании _vВып. 4 |
|
| 300 | _aНа обл. авт. не указаны | ||
| 300 | _aВ надзаг. также: М-во торговли СССР | ||
| 320 | _aБиблиогр.: с. 20 | ||
| 700 | 1 |
_aМалыхин _bС.В. _gСергей Владимирович |
|
| 701 | 1 |
_aНикишкин _bВ.В. _gВалерий Викторович |
|
| 801 | 0 |
_aRU _bNLR _gpsbo |
|
| 801 | 1 |
_aRU _bELAR _2rusmarc |
|
| 852 |
_aNLR _jП22/5937 |
||
| 942 | _cBOOK | ||
| 980 | _aNB | ||